MARC details
| 000 -LEADER |
| fixed length control field |
01393cam a22003254a 4500 |
| 001 - CONTROL NUMBER |
| control field |
15050620 |
| 003 - CONTROL NUMBER IDENTIFIER |
| control field |
GZU |
| 005 - DATE AND TIME OF LATEST TRANSACTION |
| control field |
20200928151554.0 |
| 008 - FIXED-LENGTH DATA ELEMENTS--GENERAL INFORMATION |
| fixed length control field |
071019s2009 maua b 001 0 eng |
| 010 ## - LIBRARY OF CONGRESS CONTROL NUMBER |
| LC control number |
2007043509 |
| 020 ## - INTERNATIONAL STANDARD BOOK NUMBER |
| International Standard Book Number |
9780073373607 (alk. paper) |
| 020 ## - INTERNATIONAL STANDARD BOOK NUMBER |
| International Standard Book Number |
0073373605 (alk. paper) |
| 040 ## - CATALOGING SOURCE |
| Original cataloging agency |
DLC |
| Transcribing agency |
DLC |
| Modifying agency |
DLC |
| 050 00 - LIBRARY OF CONGRESS CALL NUMBER |
| Classification number |
HF1017 |
| Item number |
.ACZ 2009 |
| 100 1# - MAIN ENTRY--PERSONAL NAME |
| Personal name |
Aczel, Amir D. |
| Relator term |
author |
| 245 10 - TITLE STATEMENT |
| Title |
Complete business statistics / |
| Statement of responsibility, etc. |
Amir D. Aczel, Jayavel Sounderpandian. |
| 250 ## - EDITION STATEMENT |
| Edition statement |
7th ed. |
| 260 ## - PUBLICATION, DISTRIBUTION, ETC. |
| Place of publication, distribution, etc. |
Boston : |
| Name of publisher, distributor, etc. |
McGraw-Hill/Irwin, |
| Date of publication, distribution, etc. |
c2009. |
| 300 ## - PHYSICAL DESCRIPTION |
| Extent |
xxii, 804 p. : |
| Other physical details |
col. ill. ; |
| Dimensions |
28 cm. |
| Accompanying material |
1 CD-ROM (4 3/4 in.) |
| 490 0# - SERIES STATEMENT |
| Series statement |
The McGraw-Hill/Irwin series Operations and decision sciences |
| 504 ## - BIBLIOGRAPHY, ETC. NOTE |
| Bibliography, etc. note |
Includes bibliographical references and index. |
| 538 ## - SYSTEM DETAILS NOTE |
| System details note |
Systems requirements for accompanying disc: PC Pentilum Based Processor, Microsoft Windows 2000/XP/Vista, Microsoft Internet Explorer 5.5 as Default Browser, Microsoft Office or Equivalent. |
| 650 #0 - SUBJECT ADDED ENTRY--TOPICAL TERM |
| Topical term or geographic name entry element |
Commercial statistics. |
| 650 #0 - SUBJECT ADDED ENTRY--TOPICAL TERM |
| Topical term or geographic name entry element |
Statistics. |
| 700 1# - ADDED ENTRY--PERSONAL NAME |
| Personal name |
Sounderpandian, Jayavel. |
| Relator term |
author |
| 856 41 - ELECTRONIC LOCATION AND ACCESS |
| Materials specified |
Table of contents only |
| Uniform Resource Identifier |
<a href="http://www.loc.gov/catdir/toc/ecip083/2007043509.html">http://www.loc.gov/catdir/toc/ecip083/2007043509.html</a> |
| 906 ## - LOCAL DATA ELEMENT F, LDF (RLIN) |
| a |
7 |
| b |
cbc |
| c |
orignew |
| d |
1 |
| e |
ecip |
| f |
20 |
| g |
y-gencatlg |
| 942 ## - ADDED ENTRY ELEMENTS (KOHA) |
| Source of classification or shelving scheme |
Library of Congress Classification |
| Koha item type |
Books |
| Edition |
7th ed. |
| Classification part |
1017 |
| Item part |
ACZ |
| Call number prefix |
HF |